MARC

LEADER 00000nam0a2200000 4500
001 673704
005 20240712144448.0
090 |a 673704 
100 |a 20240712d1979 km|y0rusy50 ca 
101 0 |a rus 
102 |a RU 
105 |a a z 001yy 
181 0 |a i   |b  e  
182 0 |a n 
183 0 |a nc  |2 RDAcarrier 
200 1 |a Валки для профильного проката  |f В. П. Северденко, Ю. Б. Бахтинов, В. Б. Бахтинов 
203 |a Текст  |b визуальный  |c непосредственный 
210 |a Москва  |c Металлургия  |d 1979 
215 |a 224 с.  |c ил. 
283 |a volume  |2 RDAcarrier 
320 |a Библиографический список: с. 220-222 
606 1 |a Листопрокатные валки  |x Профилирование  |9 60110 
610 1 |a профильный прокат 
610 1 |a станы 
610 1 |a калиброванные валки 
610 1 |a расчет 
610 1 |a вытяжные калибры 
610 1 |a фланцевые калибры 
610 1 |a механическая обработка 
610 1 |a эксплуатация 
610 1 |a износ 
610 1 |a стойкость 
610 1 |a срок службы 
675 |a 621.771.23.073  |v 4 
700 1 |a Северденко  |b В. П.  |g Василий Петрович 
701 1 |a Бахтинов  |b Ю. Б.  |g Юрий Борисович 
701 1 |a Бахтинов  |b В. Б.  |g Валерий Борисович 
801 0 |a RU  |b 63413507  |c 20240712 
830 |a Ретро2024Каталогизация Шило 
850 |a 63413507 
942 |c BK